La parroquia del mañana /

Guardat en:
Dades bibliogràfiques
Autor principal: Connan, Francis (autor)
Altres autors: Barreau, J.C. (autor) (autor)
Format: Llibre
Idioma:espanyol
Publicat: Madrid, España : Studium, 1970, c1970
Matèries:
Etiquetes: Afegir etiqueta
Sense etiquetes, Sigues el primer a etiquetar aquest registre!

MARC

LEADER 00000nam^a2200000^a^4500
001 000184496
005 20250521000000.0
009 20260310102116.153
037 |a Acervo ITESO - Biblioteca 
041 |a ESP 
082 |a 254.  |b CON 
100 |a Connan, Francis  |e (autor) 
245 1 3 |a La parroquia del mañana /  |c F. Connan, J.C. Barreau. 
264 4 |a Madrid, España :  |b Studium,  |c 1970, c1970 
300 |a 87 p. 
336 |a texto  |b txt  |2 rdacontenido 
337 |a sin mediación  |b n  |2 rdamedio 
338 |a volumen  |b nc  |2 rdasoporte 
500 |a Traducción de: Demain, la paroisse 
649 |a XX 
650 |a Parroquias 
650 |a Ministros Religiosos 
650 |a Parroquias 
650 |a Clero 
650 |a Teología Pastoral 
650 |a Orientación Pastoral 
650 |a Iglesia Católica -  |x Historia -  |y Papa, 1978-2005 (Juan Pablo II) 
650 |a Catolicismo 
650 |a Cristianismo 
650 |a Religión 
700 |a Barreau, J.C.  |e (autor) 
910 |a Fondo General 
920 |a Impresos - Libros 
930 |a Colección General 
905 |a 101 
901 |a 0500125446  |b IT1  |c ACC  |u 20250521 
902 |a https://opac.biblio.iteso.mx/vufind/Record/000184496